| 000 | 00559nam a2200169 a 4500 | ||
|---|---|---|---|
| 001 | 000040127 | ||
| 005 | 20201002033931.0 | ||
| 008 | 130808s1969 sp 000 0 spa d | ||
| 040 |
_aDO-SdBNP _bspa _cBNPHU |
||
| 100 | 1 |
_aShakespeare, William _960053 |
|
| 245 | 1 | 0 |
_aHamlet / _cWilliam Shakespiare ; prólogo Juan Guerrero Zamora. |
| 260 |
_aMadrid : _bSalvat Editores, _c1969. |
||
| 300 |
_a178 p. _a19 cm. |
||
| 490 | 1 |
_aBiblioteca Básica Salvat _vno. 7 |
|
| 700 | 1 |
_aGuerrero Zamora, Juan, _epról. _966390 |
|
| 830 | 0 |
_aBiblioteca Básica Salvat _nno. 7 _966391 |
|
| 999 |
_c39617 _d39617 |
||